Le seul pays... - Statistiques

Statistiques générales
  • Ce quiz a été pris 104 fois
  • Le résultat moyen est 104 sur 196
Réponses sur la Carte
Les réponses sont colorées sur une échelle allant du rouge au vert en fonction du pourcentage des utilisateurs qui les ont devinées à leur premier essai. Vous pouvez retrouver ces pourcentages ci-dessous.
 
Statistiques - réponses
Le seul pays… Pays % Correct
relié au Danemark par un pont Suède
99%
à posséder l'île de Crète Grèce
90%
où l'on trouve la cité de Pétra Jordanie
84%
à posséder une cinquantaine d'étoiles sur son drapeau Etats-Unis
83%
qui a perdu son Chah en 1979 Iran
83%
à avoir un cèdre sur son drapeau Liban
83%
auparavant fusionné avec la Tchéquie Slovaquie
83%
souvent qualifié d'île continent Australie
80%
que tout le monde confond avec l'Uruguay Paraguay
79%
à posséder quasiment un vélo par habitant Pays-Bas
79%
qui commence par la lettre "Y" Yémen
79%
qui possède toute la côte est de la péninsule indochinoise Vietnam
77%
contrôlé par les talibans (2025) Afghanistan
76%
abritant l'unique merveille du monde antique encore visible Egypte
76%
devenu indépendant de l'Ethiopie Erythrée
76%
à avoir subi une attaque à l'arme atomique Japon
76%
à réaliser environ 2000 films par an Inde
74%
considéré comme autoritaire en Europe (hors Russie) Biélorussie
73%
à être peuplé par plus de 95% de khmers Cambodge
73%
à posséder plus de lacs que le reste du monde Canada
73%
à posséder le Groenland Danemark
73%
enclavé en Italie et non situé à Rome Saint-Marin
73%
de l'UE avec plus de 80 millions d'habitants Allemagne
71%
nommé d'après Simón Bolívar Bolivie
71%
situé sur la plus grande île africaine Madagascar
71%
partageant l'île d'Hispaniola avec Haïti République dominicaine
71%
relié à l'Inde par un pont de 23km Sri Lanka
71%
maghrébin de moins de 165 000 km² Tunisie
71%
revendiqué par la Corée du Nord Corée du sud
70%
enclavé en Afrique du Sud Lesotho
70%
américain et communiste Cuba
69%
à porter le nom d'une ligne immaginaire Equateur
69%
à avoir conquis les empires aztèques et incas Espagne
69%
qui serait habité par le Père Noël Finlande
69%
avec un trèfle comme symbole Irlande
69%
à commencer par la lettre "Q" Qatar
69%
ayant quitté l'UE Royaume-Uni
69%
sur une île du même nom dont le tiers est occupé par la Turquie Chypre
67%
à posséder la plus haute tour du monde Emirats arabes unis
67%
en Afrique non colonisé par les européens Ethiopie
67%
à avoir le même nom que l'un des Etats-Unis Géorgie
67%
occupant la majeure partie de l'ancienne Mésopotamie Irak
67%
à avoir une frontière terrestre avec Brunei Malaisie
67%
européen situé au sud de la Sicile Malte
67%
bordé au nord par le Rio Grande Mexique
67%
appelée autrefois "Guyane néerlandaise" Suriname
67%
de l'hémisphère sud avec 3 capitales officielles Afrique du sud
66%
d'Amérique centrale sans accès au Pacifique Belize
66%
dirigé par Kadhafi de 1969 à 2011 Libye
66%
Enclavé entre l'Ukraine et la Roumanie Moldavie
66%
qui borde à la fois la Méditerranée et le Mali Algérie
64%
à posséder la plus grande biodiversité de la planète Brésil
64%
insulaire d'Afrique à l'ouest du Sénégal Cap-Vert
64%
à l'origine de 70% de la production mondiale de cocaïne (2020) Colombie
64%
avec une capitale commençant par "Z" Croatie
64%
balte avec une capitale en 4 lettres Lettonie
64%
à être un anagramme de la capitale du Pérou Mali
64%
avec un drapeau non quadrilatéral Népal
64%
avec un drapeau quasiment identique à celui du Tchad Roumanie
64%
tristement célèbre pour le génocide des Tutsis en 1994 Rwanda
64%
limitrophe de tous les autres pays de la péninsule arabique Arabie Saoudite
63%
plus petit que la réponse précédente dans le golfe Persique Bahreïn
63%
entouré presque entièrement par le Sénégal Gambie
63%
francophone et indépendant des Caraïbes Haïti
63%
à être un sultanat au moyen orient Oman
63%
à jouxter à la fois les deux Soudan et les deux Congo République centrafricaine
63%
d'ex-Yougoslavie de plus de 70 000 km² Serbie
63%
en guerre contre la Russie depuis plus de dix ans Ukraine
63%
de moins d'1km² Vatican
63%
qui doit son nom au fleuve Zambèze Zambie
63%
caucasien avec plus de 95% de chrétiens Arménie
61%
caucasien à majorité musulmane Azerbaïdjan
61%
où se trouve la capitale administrative de l'UE Belgique
61%
des Balkans composé de deux mots Bosnie-Herzégovine
61%
à produire plus de 60 millions de paires de baguettes par an Chine
61%
avec 2 pays entièrement enclavés sur son territoire Italie
61%
qui se termine comme "kiwi" Malawi
61%
africain bordé par l'Atlantique et la Méditéranée Maroc
61%
partageant des frontières terrestres uniquement avec l'Espagne Portugal
61%
frontalier avec 9 autres pays en Afrique République démocratique du Congo
61%
à avoir le romanche pour langue officielle (parmi d'autres) Suisse
61%
à avoir organisé et gagné la première coupe du monde de football Uruguay
61%
où se trouve Ushuaïa Argentine
60%
à posséder l'île de Pâques Chili
60%
autrefois nommé Swaziland Eswatini
60%
envahit par l'Irak en 1990 (Guerre du Golfe) Koweït
60%
sans accès à la mer en Asie du sud-est Laos
60%
où se situe la région de Bohême République Tchèque
60%
dirigé à la fois par la France et l'Espagne Andorre
59%
à exercer une souveraineté sur les cinq continents France
59%
nommé autrefois "Guinée espagnole" Guinée équatoriale
59%
à ne pas connaitre le nombre exact d'îles qu'il possède Indonésie
59%
africain avec plus de 200 millions d'habitants Nigéria
59%
frontalier de 5 autres pays en "-stan" Ouzbékistan
59%
des caraïbes au nord de Cuba Bahamas
57%
d'Amérique centrale dirigé par une femme (2025) Honduras
57%
bordant le Sahara occidental au sud et à l'est Mauritanie
57%
non français avec un club en ligue 1 Monaco
57%
ayant perdu 15% de sa population lors de la Seconde Guerre Mondiale Pologne
57%
séparé de l'Ouzbékistan en 1929 Tadjikistan
57%
sans moustiques Islande
56%
reconnu par la France mais pas par l'ONU en Europe Kosovo
56%
devenu indépendant de l'Afrique du Sud Namibie
56%
d'Amérique centrale sans accès à la mer des Caraïbes Salvador
56%
entièrement insulaire dans le golfe de Guinée Sao Tomé-et-Principe
56%
insulaire situé à une dizaine de km du Venezuela Trinité-et-Tobago
56%
avec un nom contenu dans celui de 3 autres pays Guinée
54%
à border à la fois l'océan Pacifique et la mer Noire Russie
54%
parfois appelé la "Suisse des Balkans" Slovénie
54%
indépendant depuis les années 2010 Soudan du sud
54%
où se trouve le Kilimandjaro Tanzanie
54%
avec un drapeau représentant un rond rouge sur fond vert Bangladesh
53%
avec une arme à feu moderne sur son drapeau Mozambique
53%
en 4 lettres dont 2 fois la même voyelle Togo
53%
à avoir un drapeau exclusivement rouge et blanc en Océanie Tonga
53%
abritant la cité antique de Palmyre Syrie
51%
avec un trident sur son drapeau Barbade
50%
à être un sultanat en Asie du sud-est Brunei
50%
sur lequel ont vécu les dodos Île Maurice
50%
avec un drapeau bleu et jaune en Océanie Palaos
50%
à être peuplé par plus de 5 millions de quechuas Pérou
50%
membre de l'OPEP en Amérique Venezuela
50%
a posséder une frontière mesurant 156m avec la Zambie (la plus courte du monde) Botswana
49%
africain décolonisé au XIXe siècle Libéria
49%
à être un grand-duché Luxembourg
49%
à avoir accordé le droit de vote aux femmes avant le XXe siècle Nouvelle-Zélande
49%
occupant la majeure partie de la rive nord du lac Victoria Ouganda
49%
de moins de 25 000 km² à border la mer Rouge Djibouti
47%
entièrement délimité par le Rhin à l'ouest Liechtenstein
47%
du Sahel avec un pourcentage de musulmans compris entre 98 et 99 Niger
47%
qui correspond à l'ancienne Haute Nubie Soudan
47%
à occuper le détroit du Bosphore Turquie
47%
à utiliser le Quetzal comme monnaie Guatemala
46%
abritant plus de 800 000 maasaï Kenya
46%
avec une densité de 2 habitants/km² (2018) Mongolie
46%
dont le nom signifie "montagne noire" Monténégro
46%
possédant l'archipel du Svalbard Norvège
46%
appelé autrefois "Dahomey" Bénin
44%
où l'on trouve des lémuriens sauvages hors Madagascar Comores
44%
d'où est originaire le reporter fictif "Borat" Kazakhstan
44%
traversé par la majeure partie de l'Indus Pakistan
44%
avec une machette sur son drapeau Angola
43%
lusophone en Afrique entouré par deux pays francophones Guinée-Bissau
43%
où vivent principalement les Magyars Hongrie
41%
abrégé souvent "EFM" Micronésie
41%
à porter le même nom qu'un chapeau Panama
41%
où le chewing-gum est interdit Singapour
41%
ayant proposé à Einstein d'en devenir le président (ce qu'il a refusé) Israël
40%
à devenir un énorme oiseau si l'on en change une lettre Autriche
39%
à avoir un bilan carbone négatif (2021) Bhoutan
39%
à avoir accueilli toutes les éditions de Koh Lanta (France) entre 2022 et 2025 Philippines
39%
occupant ce qui était autrefois la "Haute-Thrace" Bulgarie
37%
en 5 mots Saint-Vincent-et-les-Grenadines
37%
dont la traduction littérale signifie "pays des aigles" Albanie
36%
en Asie à ne pas utiliser le système métrique Birmanie
36%
avec un drapeau représentant un soleil jaune à 8 rayons sur fond rouge Macédoine du nord
36%
nommé autrefois "Haute-Volta" Burkina Faso
34%
à avoir un nom d'explosif Grenade
34%
où se trouve l'atoll de Bikini, célèbre pour ses essais nucléaires et ayant inspiré "Bob l'éponge" Îles Marshall
34%
avec plus de 800 langues parlées Papouasie-Nouvelle-Guinée
34%
américain de moins de 300 km² Saint-Christophe-et-Niévès
34%
dont le nom est inclus dans le titre d'une chanson originale de Julien Doré Seychelles
34%
autrefois nommé "Formose" Taïwan
34%
dont la capitale a un nom officiel en 168 caractères Thaïlande
34%
à avoir eu pour président Robert Mugabe de 1987 à 2017 Zimbabwe
34%
comprenant le nom d'un célèbre réalisateur de westerns Sierra Leone
31%
asiatique avec plus de 97% de chrétiens Timor oriental
31%
occupant la rive nord-est du lac Tanganyika Burundi
30%
qui s'en allait tout simplement, routier, pauvre et chantant Dominique
30%
à porter le nom d'une femme Sainte Lucie
30%
avec une étoile verte et 3 bandes verticales sur son drapeau Sénégal
30%
avec une apostrophe et un accent circonflexe dans son nom courant Côte d'ivoire
29%
à avoir eu deux Bongo (père et fils) comme présidents Gabon
29%
appelé autrefois "Côte-de-l'or" Ghana
29%
qui n'a pas connu le 30/12/2011 en raison d'un changement de fuseau horaire (+24h) Samoa
29%
à commencer par 3 consonnes Tchad
29%
couvert à plus de 50% par le désert du Karakoum Turkménistan
29%
non reconnu par la France Corée du nord
27%
avec un drapeau sans les couleurs bleu, blanc ou rouge Jamaïque
27%
situé dans les quatre hémisphères du globe Kiribati
27%
avec une altitude moyenne de 2m Maldives
27%
surnommé "l'Afrique en miniature" Cameroun
26%
à avoir le colòn pour monnaie Costa Rica
26%
sans capitale Nauru
26%
à avoir le nom d'un roi antique Salomon
26%
appelé autrefois "Nouvelles-Hébrides" Vanuatu
23%
ayant vendu son nom de domaine internet pour 10% de son PIB Tuvalu
21%
avec un nom de domaine internet en ".ag" Antigua-et-Barbuda
20%
ayant connu la "révolution des tulipes" en 2005 Kirghizistan
20%
à accueillir moins de 100 touristes par an Somalie
20%
écrit avec des lettres parmi les 10 premières de l'alphabet Fidji
17%
dont le territoire est subdivisé en "apskritis" Lituanie
17%
restant République du Congo
17%
à l'origine du "World Cleanup Day" Estonie
16%
théoriquement autosuffisant pour sa production de nourriture Guyana
14%
surnommé le "pays des lacs et des volcans" Nicaragua
14%
Aucun quiz correspondant
Distribution des résultats
% des personnes avec chaque résultat
Percentile par nombre de réponses
Votre historique - résultats
Vous n’avez pas pris ce quiz